000 00303nam a2200133Ia 4500
005 20260326100041.0
008 260326s9999||||xx |||||||||||||| ||und||
100 _aPijoán, José
245 0 _aHistoria del Arte /
_cJosé Pijoán
260 _bSalvat
300 _a113 p.
650 _aARTE
942 _cBK
999 _c7000
_d7000